| 000 | 00711nam a2200217 i 4500 | ||
|---|---|---|---|
| 001 | 130427 | ||
| 003 | ES-MaACL | ||
| 005 | 20230906193734.0 | ||
| 007 | t| | ||
| 008 | 070727s1978 sp ||||1| spa d | ||
| 100 | 1 |
_aZanchettin, Claudio. _9117968 |
|
| 245 | 1 | 3 |
_aLa iglesia interpelada / _c[entrevistas realizada por] Claudio Zanchettin ; [traducción del francés por Manuel Plaza]. |
| 260 |
_aSantander : _bSal Terrae, _c[1978] |
||
| 300 |
_a195 p. ; _c18 cm. |
||
| 490 | 1 |
_aColección Alcance ; _v16 |
|
| 651 |
_aFrancia- _xHistoria eclesiástica. _9153886 |
||
| 700 | 1 |
_aPlaza, Manuel. _992621 |
|
| 830 | 0 |
_aColección Alcance ; _v16 _9219457 |
|
| 852 |
_aES-MaACL _jA-8140 |
||
| 999 |
_c130427 _d130427 |
||